Etude du relancement du téléphone fixe sans fil "Zékédé" réalisé par benin télécoms S.A. (Record no. 9826)
[ view plain ]
| 000 -LEADER | |
|---|---|
| fixed length control field | 00543 a2200229 4500 |
| 040 ## - SOURCE DU CATALOGAGE | |
| Original cataloging agency | ENEAM |
| 100 ## - VEDETTE PRINCIPALE - NOM DE PERSONNE | |
| Personal name | ASSANI, Marie L. E. M. |
| 130 ## - VEDETTE PRINCIPALE - TITRE UNIFORME | |
| Language of a work | Fr |
| 260 ## - PUBLICATION, DISTRIBUTION, ETC. (IMPRINT) | |
| Place of publication, distribution, etc | Cotonou |
| 260 ## - PUBLICATION, DISTRIBUTION, ETC. (IMPRINT) | |
| Name of publisher, distributor, etc | ENEAM |
| 245 ## - TITLE STATEMENT | |
| Title | Etude du relancement du téléphone fixe sans fil "Zékédé" réalisé par benin télécoms S.A. |
| 260 ## - PUBLICATION, DISTRIBUTION, ETC. (IMPRINT) | |
| Date of publication, distribution, etc | 2007 |
| 300 ## - PHYSICAL DESCRIPTION | |
| Other physical details | 37 p |
| 500 ## - GENERAL NOTE | |
| General note | 1 ex |
| 650 ## - SUBJECT ADDED ENTRY--TOPICAL TERM | |
| Topical term or geographic name as entry element | MARKETING |
| 650 ## - SUBJECT ADDED ENTRY--TOPICAL TERM | |
| Topical term or geographic name as entry element | ACTION COMMERCIALE |
| 650 ## - SUBJECT ADDED ENTRY--TOPICAL TERM | |
| Topical term or geographic name as entry element | TELECOMMUNICATION |
| 650 ## - SUBJECT ADDED ENTRY--TOPICAL TERM | |
| Topical term or geographic name as entry element | TELEPHONE FIXE |
| 650 ## - SUBJECT ADDED ENTRY--TOPICAL TERM | |
| Topical term or geographic name as entry element | ZEKEDE |
| Withdrawn status | Lost status | Damaged status | Not for loan | Location (home branch) | Sublocation or collection (holding branch) | Date acquired | Koha issues (times borrowed) | Koha full call number | Koha date last seen | Price effective from | Koha item type |
|---|---|---|---|---|---|---|---|---|---|---|---|
| Bibliothèque de l'Ecole Nationale d'Economie Appliquée et de Management | Bibliothèque de l'Ecole Nationale d'Economie Appliquée et de Management | 27/02/2009 | 2007/MAC/020 | 27/02/2009 | 27/02/2009 | Livre |